[Event "110th Anniversary Open 2020"]
[Site "Hilleroed"]
[Date "2020.02.09"]
[Round "2.9"]
[White "Ostergaard, Jens"]
[Black "Kvendseth, Thyra"]
[Result "*"]
[WhiteElo "2229"]
[BlackElo "1889"]
[Annotator "ChessBase"]
[PlyCount "52"]
[EventDate "2020.02.08"]
[EventType "swiss"]
[EventCountry "DEN"]
[SourceTitle "playchess.com"]
[Source "ChessBase"]
[SourceQuality "1"]
[TimeControl "40/5400+30:1800+30"]

1. e4 {[%emt 0:00:00]} c5 {[%emt 0:00:00]} 2. Nf3 {[%emt 0:00:00]} Nc6 {[%emt 0:00:30]} 3. Bb5 {[%emt 0:00:00]} g6 {[%emt 0:00:09]} 4. Bxc6 {[%emt 0:00:45]} dxc6 {[%emt 0:00:06]} 5. Nc3 {[%emt 0:00:18]} Bg7 {[%emt 0:00:08]} 6. O-O {[%emt 0:00:23]} Nf6 {[%emt 0:01:11]} 7. d3 {[%emt 0:00:30]} Nd7 {[%emt 0:00:54]} 8. Be3 {[%emt 0:01:18]} e5 {[%emt 0:01:13]} 9. Qc1 {[%emt 0:00:26]} h6 {[%emt 0:00:43]} 10. Ne2 {[%emt 0:00:47]} f5 {[%emt 0:05:07]} 11. Bd2 {[%emt 0:01:49]} f4 {[%emt 0:03:13]} 12. Bc3 {[%emt 0:00:21]} Qe7 {[%emt 0:02:08]} 13. b3 {[%emt 0:04:57]} g5 {[%emt 0:02:47]} 14. Qd2 {[%emt 0:05:19]} g4 {[%emt 0:02:36]} 15. Ne1 {[%emt 0:01:39]} Nf8 {[%emt 0:00:31]} 16. f3 {[%emt 0:00:46]} h5 {[%emt 0:04:24]} 17. Bb2 {[%emt 0:09:00]} Ng6 {[%emt 0:02:22]} 18. c3 {[%emt 0:00:40]} Be6 {[%emt 0:01:36]} 19. d4 {[%emt 0:00:44]} O-O-O {[%emt 0:01:13]} 20. Nc2 {[%emt 0:04:40]} Nh4 {[%emt 0:05:52]} 21. Ne1 {[%emt 0:04:42]} Rhg8 {[%emt 0:01:35]} 22. Kh1 {[%emt 0:00:30]} Bh8 {[%emt 0:06:15]} 23. Rg1 {[%emt 0:01:00]} g3 {[%emt 0:00:42]} 24. hxg3 {[%emt 0:01:38]} fxg3 {[%emt 0:00:43]} 25. Qe3 {[%emt 0:03:07]} Nf5 {[%emt 0:00:53]} 26. exf5 {[%emt 0:03:10]} Qh4# {[%emt 0:00:10]} *

[Event "110th Anniversary Open 2020"]
[Site "Hilleroed"]
[Date "2020.02.09"]
[Round "2.10"]
[White "Torben Winther Jensen"]
[Black "Jorgensen, Dennis"]
[Result "0-1"]
[WhiteElo "1734"]
[BlackElo "2154"]
[Annotator "ChessBase"]
[PlyCount "70"]
[EventDate "2020.02.08"]
[EventType "swiss"]
[EventCountry "DEN"]
[SourceTitle "playchess.com"]
[Source "ChessBase"]
[SourceQuality "1"]
[TimeControl "40/5400+30:1800+30"]

1. d4 {[%emt 0:00:00]} Nf6 {[%emt 0:00:00]} 2. Nf3 {[%emt 0:00:00]} e6 {[%emt 0:00:12]} 3. e3 {[%emt 0:01:21]} b6 {[%emt 0:00:42]} 4. Bd3 {[%emt 0:01:25]} Bb7 {[%emt 0:00:48]} 5. Nbd2 {[%emt 0:00:28]} d5 {[%emt 0:07:42]} 6. c3 {[%emt 0:00:36]} Nbd7 {[%emt 0:03:13]} 7. Qe2 {[%emt 0:04:08]} Bd6 {[%emt 0:04:32]} 8. a4 {[%emt 0:00:29]} a6 {[%emt 0:02:24]} 9. e4 {[%emt 0:00:34]} dxe4 {[%emt 0:01:41]} 10. Nxe4 {[%emt 0:00:19]} Nxe4 {[%emt 0:04:10]} 11. Bxe4 {[%emt 0:00:13]} Bxe4 {[%emt 0:01:53]} 12. Qxe4 {[%emt 0:00:43]} O-O {[%emt 0:01:29]} 13. O-O {[%emt 0:00:27]} Re8 {[%emt 0:05:45]} 14. Bd2 {[%emt 0:17:09]} Qf6 {[%emt 0:06:35]} 15. Bg5 {[%emt 0:01:24]} Qg6 {[%emt 0:01:52]} 16. Qxg6 {[%emt 0:00:40]} hxg6 {[%emt 0:00:26]} 17. Rfe1 {[%emt 0:00:24]} f6 {[%emt 0:01:52]} 18. Bd2 {[%emt 0:00:14]} e5 {[%emt 0:00:49]} 19. dxe5 {[%emt 0:00:58]} Nxe5 {[%emt 0:00:42]} 20. Nxe5 {[%emt 0:00:21]} Bxe5 {[%emt 0:00:26]} 21. f4 {[%emt 0:01:49]} Rad8 {[%emt 0:02:56]} 22. Be3 {[%emt 0:00:10]} Bd6 {[%emt 0:00:16]} 23. g3 {[%emt 0:01:13]} Rxe3 {[%emt 0:05:00]} 24. Rxe3 {[%emt 0:00:10]} Bc5 {[%emt 0:00:05]} 25. Rae1 {[%emt 0:01:07]} Rd2 {[%emt 0:00:30]} 26. b4 {[%emt 0:00:30]} Bxe3+ {[%emt 0:00:54]} 27. Rxe3 {[%emt 0:00:09]} Kf7 {[%emt 0:09:28]} 28. h4 {[%emt 0:00:18]} Ra2 {[%emt 0:00:42]} 29. Re4 {[%emt 0:00:59]} Rxa4 {[%emt 0:03:17]} 30. Rd4 {[%emt 0:00:14]} Ke6 {[%emt 0:01:30]} 31. g4 {[%emt 0:00:51]} c5 {[%emt 0:01:38]} 32. f5+ {[%emt 0:02:13]} gxf5 {[%emt 0:00:48]} 33. gxf5+ {[%emt 0:00:09]} Kxf5 {[%emt 0:03:31]} 34. Rd7 {[%emt 0:00:12]} cxb4 {[%emt 0:00:24]} 35. Rxg7 {[%emt 0:00:39]} b3 {[%emt 0:00:58]} 0-1

[Event "110th Anniversary Open 2020"]
[Site "Hilleroed"]
[Date "2020.02.09"]
[Round "2.11"]
[White "Lilja, Richard"]
[Black "Strachan, Christian C."]
[Result "0-1"]
[WhiteElo "2123"]
[BlackElo "1773"]
[Annotator "TA"]
[PlyCount "46"]
[EventDate "2020.02.08"]
[EventType "swiss"]
[EventCountry "DEN"]
[SourceTitle "playchess.com"]
[Source "ChessBase"]
[SourceQuality "1"]

{[%evp 17,46,-45,-45,-42,-44,-39,-35,-101,-71,-68,-61,-115,-67,-109,-104,-123,-95,-113,-102,-95,-88,-231,-244,-233,-225,-224,-224,-264,-170,-856,-891]} 1. Nc3 c5 2. d3 Nc6 3. g3 g6 4. Bg2 Bg7 5. e4 d6 6. f4 e6 7. Nge2 Nge7 8. O-O O-O 9. g4 f5 10. h3 {B25: Closed Sicilian: 3 g3, lines without early Be3.} Rb8 11. Be3 b5 {[%cal Bb7b5,Bb5b4][%mdl 32]} 12. Qe1 {[#]} (12. a3 $15) 12... b4 $146 ({Predecessor:} 12... Nd4 13. Bxd4 cxd4 14. Nb1 Qc7 15. Qd1 e5 16. gxf5 gxf5 17. Nd2 Ng6 18. fxe5 dxe5 19. exf5 Bxf5 20. Rf2 Bh6 21. Nf1 Be6 22. Rxf8+ Rxf8 23. Qe1 Qxc2 24. Nxd4 Qc5 {0-1 (24) Bagrunov,V (2020)-Pankov,G (2375) St Petersburg 2008}) 13. Nd1 a5 14. g5 ({White should play} 14. a3 $15) 14... a4 15. Rb1 Ba6 16. b3 axb3 17. axb3 fxe4 18. dxe4 Nd4 19. Nxd4 (19. Bxd4 $17 {is the only way for White.} cxd4 20. Nb2) 19... cxd4 $19 20. Bd2 Bxf1 21. Bxf1 e5 22. fxe5 Bxe5 23. Nf2 $2 {[#]} (23. Nb2) 23... Bg3 {Accuracy: White = 33%, Black = 63%.} 0-1

[Event "110th Anniversary Open 2020"]
[Site "Hilleroed"]
[Date "2020.02.09"]
[Round "2.11"]
[White "Lilja, Richard"]
[Black "Strachan, Christian C."]
[Result "1-0"]
[WhiteElo "2123"]
[BlackElo "1773"]
[Annotator "NA"]
[PlyCount "73"]
[EventDate "2020.02.08"]
[EventType "swiss"]
[EventCountry "DEN"]
[SourceTitle "playchess.com"]
[Source "ChessBase"]
[SourceQuality "1"]
[TimeControl "40/5400+30:1800+30"]

1. e4 {[%emt 0:00:00]} e6 {[%emt 0:00:07]} 2. d3 {[%emt 0:00:00]} d5 {[%emt 0:00:05]} 3. Nd2 {[%emt 0:00:00]} c5 {[%emt 0:00:05]} 4. Ngf3 {[%emt 0:00:03]} Nc6 {[%emt 0:00:46]} 5. g3 {[%emt 0:00:08]} g6 {[%emt 0:04:18]} 6. Bg2 {[%emt 0:02:54]} Bg7 {[%emt 0:00:47]} 7. O-O {[%emt 0:03:43]} Nge7 {[%emt 0:00:31]} 8. exd5 $11 {[%emt 0:00:39]} exd5 {[%emt 0:04:17]} 9. Nb3 {[%emt 0:01:06]} b6 {[%emt 0:00:20]} 10. d4 {[%emt 0:06:48]} c4 {[%emt 0:02:03]} 11. Nbd2 {[%emt 0:00:08]} O-O {[%emt 0:02:17]} 12. Re1 {[%emt 0:02:44]} Bg4 {[%emt 0:10:22]} 13. h3 {[%emt 0:03:41]} Be6 {[%emt 0:06:33]} 14. Nf1 {[%emt 0:07:19]} Rc8 {[%emt 0:03:00]} 15. c3 {[%emt 0:02:44]} Qd7 {[%emt 0:03:27]} 16. Kh2 {[%emt 0:00:28]} f6 {[%emt 0:05:23]} 17. b3 {[%emt 0:08:19]} Rfe8 {[%emt 0:07:59]} 18. bxc4 {[%emt 0:12:50]} dxc4 {[%emt 0:00:13]} 19. Ne3 {[%emt 0:04:22]} Nd5 {[%emt 0:05:56]} 20. Nxd5 {[%emt 0:05:09]} Bxd5 {[%emt 0:00:25]} 21. Be3 {[%emt 0:00:23]} Ne7 {[%emt 0:01:07]} 22. h4 {[%emt 0:06:18]} Qc6 {[%emt 0:04:56]} 23. Rg1 {[%emt 0:01:22]} Nf5 {[%emt 0:00:33]} 24. Bf4 {[%emt 0:01:15]} Bh6 {[%emt 0:10:54]} 25. Bxh6 {[%emt 0:06:17]} Nxh6 {[%emt 0:00:11]} 26. Ne1 {[%emt 0:02:11]} Rc7 {[%emt 0:12:01]} 27. Bxd5+ {[%emt 0:05:12]} Qxd5 {[%emt 0:00:13]} 28. Ng2 {[%emt 0:00:06]} Nf5 {[%emt 0:04:47]} 29. Nf4 {[%emt 0:01:37]} Qd6 {[%emt 0:00:52]} 30. Qg4 {[%emt 0:03:07]} Nh6 {[%emt 0:02:31]} 31. Qf3 {[%emt 0:00:28]} Kg7 {[%emt 0:03:08]} 32. d5 {[%emt 0:02:50]} Rf7 {[%emt 0:02:55]} 33. Rge1 {[%emt 0:00:46]} Re5 {[%emt 0:00:31]} 34. Rad1 {[%emt 0:01:03]} Qd7 {[%emt 0:01:03]} 35. Ne6+ {[%emt 0:01:18]} Kg8 {[%emt 0:00:11]} 36. Qf4 {[%emt 0:01:56]} b5 {[%emt 0:01:39]} 37. Qxh6 {[%emt 0:01:29]} 1-0